| 000 | 00941nam a22002417a 4500 | ||
|---|---|---|---|
| 003 | BUBTL | ||
| 008 | 230813b ||||| |||| 00| 0 eng d | ||
| 020 | _a9847021500598 | ||
| 041 |
_aben _heng |
||
| 082 | _a341/ P1708p/ 2015 | ||
| 100 |
_95280 _aপাল, নির্মল চন্দ্র |
||
| 245 |
_aব্যক্তিগত আন্তর্জাতিক আইন / _cনির্মল চন্দ্র পাল |
||
| 246 | _aPrivate International Law | ||
| 250 | _a2nd ed. | ||
| 260 |
_aঢাকা : _bসামছ পাবলিকেশন্স, _cc2015 |
||
| 300 |
_axvi, 400 p.: _c22 cm. |
||
| 505 | _aব্যক্তিগত আন্তর্জাতিক আইন, Private International Law, নির্মল চন্দ্র পাল, Law | ||
| 526 | _aLaw | ||
| 650 | 0 |
_926 _aLaw |
|
| 856 |
_k0 _l0 _yDownload |
||
| 942 |
_2ddc _cBK |
||
| 999 |
_c7079 _d7079 |
||